| 000 | 00462nam a2200145Ia 4500 | ||
|---|---|---|---|
| 008 | 210430s9999 xx 000 0 und d | ||
| 020 | _a0121746518 | ||
| 082 | _a668.4234 C55911 | ||
| 100 |
_aT.C. Mike Chung _952114 |
||
| 245 |
_aFunctionalization of Polyolefins / _cT.C. Mike Chung |
||
| 260 |
_aNew York _bAcademic Press _c2002 |
||
| 300 | _a274 p. | ||
| 856 |
_uhttp://10.250.8.41:8080/xmlui/handle/123456789/46541 _yFor E-Book Click here |
||
| 942 |
_cBK _2ddc |
||
| 999 |
_c562870 _d562870 |
||